Me-109 : el incomparable caza de Willy Messerschmitt /
Serie que, como lo anuncia su título, reconstruye la violencia que había atravesado al siglo XX hasta el momento de aparición de la obra. Reconstrucción estructurada a partir de números monográficos que dan cuenta de los líderes y protagonistas históricos de los hechos y de las grandes campañas, bat...
Guardado en:
| Autor principal: | |
|---|---|
| Formato: | Libro |
| Idioma: | Español |
| Publicado: |
Madrid, España :
San Martín,
1973, c1973
|
| Colección: | (Historia del Siglo de la Violencia. Armas ;
11) |
| Temas: | |
| Etiquetas: |
Sin etiquetas, Sé el primero en etiquetar este registro!
|
MARC
| LEADER | 00000nam^a2200000^a^4500 | ||
|---|---|---|---|
| 001 | 000127514 | ||
| 005 | 20250521000000.0 | ||
| 009 | 20260310094805.785 | ||
| 020 | |a 84-7140-065-0 | ||
| 037 | |a Acervo ITESO - Biblioteca | ||
| 041 | |a ESP | ||
| 082 | |a 909. 82 |b BAL WEA V. 11 | ||
| 100 | |a Caidin, Martin |e (autor) | ||
| 240 | 1 | 1 | |a [Historia del siglo de la violencia] |
| 240 | 1 | 1 | |a [Historia del siglo de la violencia: armas] |
| 245 | 1 | 0 | |a Me-109 : |b el incomparable caza de Willy Messerschmitt / |c M. Caidin ; presen. de Vicente Talón ; introd. de Adolf Galland ; tr. por Diorki. |
| 264 | 4 | |a Madrid, España : |b San Martín, |c 1973, c1973 | |
| 300 | |a 160 p. | ||
| 336 | |a texto |b txt |2 rdacontenido | ||
| 337 | |a sin mediación |b n |2 rdamedio | ||
| 338 | |a volumen |b nc |2 rdasoporte | ||
| 440 | 1 | |a (Historia del Siglo de la Violencia. |p Armas ; |v 11) | |
| 520 | |a Serie que, como lo anuncia su título, reconstruye la violencia que había atravesado al siglo XX hasta el momento de aparición de la obra. Reconstrucción estructurada a partir de números monográficos que dan cuenta de los líderes y protagonistas históricos de los hechos y de las grandes campañas, batallas y acciones que caracterizaron a las diversas contiendas. | ||
| 520 | |a El Me-109 voló por primera vez en 1935. Al final de la Segunda Guerra Mundial seguía volando y luchando en igualdad de condiciones con los mejores cazas fabricados por el enemigo. Ha sido probablemente el caza más importante en la historia de la aviación. | ||
| 649 | |a XX | ||
| 650 | |a Guerra Mundial (Segunda), 1939-1945 - |x Historia - |x Operaciones Aéreas - |x Tema Principal | ||
| 650 | |a Guerra Mundial (Segunda), 1939-1945 - |x Historia | ||
| 650 | |a Guerra Aérea | ||
| 650 | |a Cazas (Aviones) - |x Tema Principal | ||
| 650 | |a Aeronáutica Militar | ||
| 650 | |a Ingeniería Militar | ||
| 650 | |a Historia Moderna - |y Siglo XX | ||
| 650 | |a Historia Universal | ||
| 910 | |a Fondo Salvador Reynoso Reynoso | ||
| 920 | |a Impresos - Libros | ||
| 930 | |a Fondos Especiales | ||
| 905 | |a 112 | ||
| 901 | |a 0800009156 |b IT2 |c ESP |u 20250521 | ||
| 902 | |a https://opac.biblio.iteso.mx/vufind/Record/000127514 | ||